Actitudes de los estudiantes de nuevo ingreso ante la Prueba de Orientación y Medición Académica (Poma), de la Escuela de Psicología de la Universidad Dominicana O&M, Sede Central, Período Mayo-Agosto 2013 (Record no. 656)

MARC details
000 -LEADER
campo de control de longitud fija 02631nam a2200565Ia 4500
001 - NÚMERO DE CONTROL
campo de control 728
008 - DATOS DE LONGITUD FIJA--INFORMACIÓN GENERAL
campo de control de longitud fija 241029s9999 xx 000 0 und d
010 ## - NÚMERO DE CONTROL DE LA BIBLIOTECA DEL CONGRESO
Número de control de LC 656
041 ## - CÓDIGO DE IDIOMA
Código de lengua del texto/banda sonora o título independiente Español
082 ## - NÚMERO DE LA CLASIFICACIÓN DECIMAL DEWEY
Número de clasificación NO APLICA
245 #0 - MENCIÓN DEL TÍTULO
Título Actitudes de los estudiantes de nuevo ingreso ante la Prueba de Orientación y Medición Académica (Poma), de la Escuela de Psicología de la Universidad Dominicana O&M, Sede Central, Período Mayo-Agosto 2013
260 ## - PUBLICACIÓN, DISTRIBUCIÓN, ETC.
Lugar de publicación, distribución, etc. Santo Domingo
300 ## - DESCRIPCIÓN FÍSICA
Extensión 83
520 ## - RESUMEN, ETC.
Sumario, etc. 6
520 ## - RESUMEN, ETC.
Sumario, etc. La presente investigación tiene como objetivo determinar las actitudes de los estudiantes de nuevo ingreso ante la Prueba de Orientación y Medición Académica (POMA).Las preguntas de investigación fueron: ¿Cuáles son las actitudes de los estudiantes de la zona urbana frente a la POMA?, ¿Cuáles son las actitudes de los estudiantes de la zona rural frente a la POMA?, ¿Cuál es el nivel de conocimiento de estos estudiantes frente a la POMA, según sea del sector público o privado?, ¿Cuáles son sus expectativas?Esta investigación es exploratoria y descriptiva, la constituyen 225 estudiantes de nuevo ingreso de la Escuela de psicología de la Universidad Nacional O y M., a quienes se les aplicaron los cuestionarios.Se concluye que presentan una actitud de acuerdo, favorable y de agrado frente a la aplicación y resultado de la POMA, prueba que conocieron al momento de inscribirse en la Universidad; ellos esperaban que se les orientaran a tomar la decisión de la elección de la carrera correcta. Para visualizar este estudio en su totalidad haga click aquí
630 ## - PUNTO DE ACCESO ADICIONAL DE MATERIA--TÍTULO UNIFORME
Título uniforme Actitud de los Estudiantes
630 ## - PUNTO DE ACCESO ADICIONAL DE MATERIA--TÍTULO UNIFORME
Título uniforme Actitudes
630 ## - PUNTO DE ACCESO ADICIONAL DE MATERIA--TÍTULO UNIFORME
Título uniforme Estudiantes
630 ## - PUNTO DE ACCESO ADICIONAL DE MATERIA--TÍTULO UNIFORME
Título uniforme Prueba de Orientación
630 ## - PUNTO DE ACCESO ADICIONAL DE MATERIA--TÍTULO UNIFORME
Título uniforme Psicología
650 ## - PUNTO DE ACCESO ADICIONAL DE MATERIA--TÉRMINO DE MATERIA
Término de materia o nombre geográfico como elemento de entrada Elección de Estudios
690 ## - PUNTO DE ACCESO ADICIONAL DE MATERIA LOCAL--TÉRMINO DE MATERIA (OCLC, RLIN)
Término de materia o nombre geográfico como elemento inicial Copiado sin cambios
700 ## - ENTRADA AGREGADA--NOMBRE PERSONAL
Término indicativo de función/relación asesor
Nombre de persona Pérez E, Ruth
700 ## - ENTRADA AGREGADA--NOMBRE PERSONAL
Término indicativo de función/relación autor
Nombre de persona Sánchez Pérez, Carmen Emilia
901 ## - ELEMENTOS DE DATOS A LOCAL LDA (RLIN)
a {"1":"Sánchez Pérez"}
b {"1":"Carmen Emilia"}
902 ## - ELEMENTOS DE DATOS B LOCAL, LDB (RLIN)
a 1
903 ## - ELEMENTOS DE DATOS C LOCAL, LDC (RLIN)
a {"1":"Pérez E"}
b {"1":"Ruth"}
904 ## - ELEMENTOS DE DATOS D LOCAL, LDD (RLIN)
a Magíster en
905 ## - ELEMENTOS DE DATOS E LOCAL, LDE (RLIN)
a Docencia Universitaria
906 ## - ELEMENTOS DE DATOS F LOCAL, LDF (RLIN)
a 2
907 ## - ELEMENTOS DE DATOS G LOCAL, LDG (RLIN)
a NO APLICA
908 ## - COLOCAR PARÁMETRO DE COMANDO (RLIN)
Colocar parámetro de comando NO APLICA
909 ## -
-- Universidad Adventista Dominicana (UNAD)
910 ## - DATOS DE OPCIÓN DEL USUARIO (OCLC)
Datos de opción del usuario NULL
-- NULL
911 ## - EQUIVALENCIA O REFERENCIA-CRUZADA-NOMBRE DE CONFERENCIA O REUNIÓN/CONGRESO [LOCAL, CANADÁ]
Nombre de congreso/reunión o jurisdicción como elemento de entrada ["1"]
912 ## -
-- NO APLICA
913 ## -
-- NULL
914 ## -
-- 01 de Septiembre de 2013
915 ## -
-- -693625
916 ## -
-- NULL
917 ## -
-- NULL
918 ## -
-- NO APLICA
919 ## -
-- ["5","6","96","220","172"]
921 ## -
-- 28
922 ## -
-- 28
923 ## -
-- 0
924 ## -
-- NO APLICA
942 ## - ELEMENTOS DE ENTRADA SECUNDARIOS (KOHA)
Tipo de ítem Koha

No items available.

© 2024. Todos los Derechos Reservados. Desarrollado por IDEICE